|
|
|
|
| LEADER |
01224nam a2200361 a 4500 |
| 001 |
000363489 |
| 003 |
CZ BrMZK |
| 005 |
20240822124431.0 |
| 007 |
ta |
| 008 |
980115s1998 xr g 000 j cze d |
| 015 |
|
|
|a cnb000537855
|
| 020 |
|
|
|a 80-240-0510-7
|
| 035 |
|
|
|a (OCoLC)40790644
|
| 040 |
|
|
|a BOA001
|b cze
|
| 041 |
1 |
|
|a cze
|h ger
|
| 072 |
|
7 |
|a 821-31/-34
|x Milostná, dobrodružná, fantastická próza
|2 Konspekt
|9 25
|
| 080 |
|
|
|a 821-322.5
|2 MRF
|
| 080 |
|
|
|a (0:82-322.5)
|2 MRF
|
| 100 |
1 |
|
|a Waller, Cornelia
|7 jx20040819034
|4 aut
|
| 245 |
1 |
0 |
|a Polibek pro Marka /
|c Cornelia Wallerová ; [z němčiny] přeložila Olga Kotrčová
|
| 250 |
|
|
|a Vyd. 1.
|
| 260 |
|
|
|a Praha :
|b I. Železný,
|c 1998
|
| 300 |
|
|
|a 57 s. ;
|c 18 cm
|
| 490 |
1 |
|
|a Na výsluní ;
|v 323 (38/98)
|
| 490 |
1 |
|
|a Knihovnička Večerů pod lampou ;
|v 3231
|
| 655 |
|
7 |
|a milostné povídky
|7 fd132834
|2 czenas
|
| 700 |
1 |
|
|a Kotrčová, Olga
|7 mzk2009544389
|4 trl
|
| 765 |
0 |
|
|t Mark, du bist durchschaut!
|9 Česky
|
| 830 |
|
0 |
|a Na výsluní
|
| 830 |
|
0 |
|a Knihovnička Večerů pod lampou
|0 s
|
| 910 |
|
|
|a BOA001
|b 1-1050.776
|
| 990 |
|
|
|a BK
|
| 996 |
6 |
|
|b 2610079832
|c 1-1050.776
|l MZK
|r Sklad / do 1 hodiny
|n 1
|p p.v.
|w 000363489
|u 000010
|a 1
|e BOA001
|j MZK50
|s P
|